000 00370nam a2200193Ia 4500
008 151119s9999||||xx |||||||||||||| ||und||
082 _a28.5
082 _bGKKV3632
100 _a--
245 _aउमज
260 _a--
260 _b--
260 _c0
600 _a--
630 _aउमज
700 _a--
730 _aउमज
942 _cBOOK
999 _c1059189
_d1059186